Footballers by clubs - Statistics

General Stats
  • This quiz has been taken 19 times
  • The average score is 14 of 30
Answer Stats
Hint Answer % Correct
Malmö, Ajax, Juventus, Inter, Barcelona, AC Milan, PSG, Man Utd, LA Galaxy, AC Milan Zlatan Ibrahimović
94%
Lyon, Real Madrid, Al-Ittihad Karim Benzema
88%
Rosario Central, Benfica, Real Madrid, Man Utd, PSG, Juventus, Benfica Ángel Di María
75%
Groningen, PSV, Chelsea, Real Madrid, Bayern Munich, Groningen Arjen Robben
75%
El Mokawloon, Basel, Chelsea, Fiorentina, Roma, Liverpool Mohamed Salah
69%
Independiente, Atlético Madrid, Man City, Barcelona Sergio Agüero
69%
Monaco, Juventus, Arsenal, Barcelona, New York Red Bulls, Arsenal Thierry Henry
69%
Lille, Chelsea, Real Madrid Eden Hazard
63%
Danubio, Palermo, Napoli, PSG, Man Utd, Valencia, Boca Juniors Edinson Cavani
63%
River Plate, Real Madrid, Napoli, Juventus, AC Milan, Chelsea, Inter Miami Gonzalo Higuaín
63%
Boulogne, Caen, Leicester, Chelsea, Al-Ittihad N’Golo Kanté
63%
Metz, Red Bull Salzburg, Southampton, Liverpool, Bayern Munich, Al-Nassr Sadio Mané
63%
Groningen, Celtic, Southampton, Liverpool Virgil van Dijk
63%
Leeds, Newcastle, Aston Villa, Man City, Liverpool, Brighton James Milner
50%
Novara, Udinese, Sampdoria, Sporting CP, Man Utd Bruno Fernandes
44%
Feyenoord, Arsenal, Man Utd, Fenerbahçe, Feyenoord Robin van Persie
44%
Le Mans, Guingamp, Marseille, Chelsea, Shanghai Shenhua, Galatasaray, Chelsea, Montreal Impact, Phoenix Rising Didier Drogba
38%
Man City, Barnsley, Burnley, Tottenham, Atlético Madrid, Newcastle Kieran Trippier
38%
PSV, Man Utd, Lyon, Barcelona, Atlético Madrid Memphis Depay
38%
Liverpool, Real Madrid, Newcastle, Man Utd, Stoke City Michael Owen
38%
Quimper, Le Havre, Leicester, Man City, Al-Ahli Riyad Mahrez
38%
Den Bosch, Heerenveen, PSV, Man Utd, Real Madrid, Hamburg, Málaga Ruud van Nistelrooy
38%
CSKA Sofia, Bayer Leverkusen, Tottenham, Man Utd, Fulham, Monaco, PAOK, Kerala Blasters Dimitar Berbatov
31%
Cerezo Osaka, Borussia Dortmund, Man Utd, Borussia Dortmund, Real Zaragoza, PAOK, Cerezo Osaka Shinji Kagawa
25%
Millwall, Nottingham Forest, Tottenham, Man Utd, Portsmouth, West Ham, Colchester Teddy Sheringham
25%
Brescia, Inter, Reggina, AC Milan, Juventus, New York City FC Andrea Pirlo
19%
Chemnitzer FC, Kaiserslautern, Bayer Leverkusen, Bayern Munich, Chelsea, Bayer Leverkusen Michael Ballack
19%
Nantes, Marseille, Celta Vigo, Real Madrid, Chelsea, PSG Claude Makélélé
13%
Metz, Marseille, Arsenal, Villarreal, Aston Villa Robert Pirès
13%
Monza, Nice, Monaco, Man Utd, Juventus, Marseille, West Ham Patrice Evra
6%
No matching quizzes found
Score Distribution
Percent of People with Each Score
Percentile by Number Answered
Your Score History
You have not taken this quiz